مكتبة جامعة عجلون الوطنية

فهرس بحث المكتبة

Normal view MARC view
  • الأطفال الموهوبون-تعليم. الموهوبون-تعليم

Entry Topical Term

Number of records used in: 1

001 - CONTROL NUMBER

  • control field: 23265

003 - CONTROL NUMBER IDENTIFIER

  • control field: JO-AjAnu

005 - DATE AND TIME OF LATEST TRANSACTION

  • control field: 20230606074013.0

008 - FIXED-LENGTH DATA ELEMENTS

  • fixed length control field: 230606|| aca||aabn | a|a d

040 ## - CATALOGING SOURCE

  • Original cataloging agency: JO-AjAnu
  • Transcribing agency: JO-AjAnu

150 ## - HEADING--TOPICAL TERM

  • Topical term or geographic name entry element: الأطفال الموهوبون-تعليم. الموهوبون-تعليم

670 ## - SOURCE DATA FOUND

  • Source citation: Work cat.: (JO-AjAnu)11956: واينبرنر،سوزان مؤلف/الشخص،عبدالعزيز السيد م.مشارك/السرطاوي،زيد أحمد م.مشارك/الراميني،فواز فتح الله مراجع, author 23264, تربية الأطفال:المتفوقين والموهوبين في المدارس العادية،إستراتيجيات ونماذج تطبيقية